| 000 | 00781cam a22002411 4500 | ||
|---|---|---|---|
| 001 | gs 59000223 | ||
| 003 | DLC | ||
| 005 | 20260227111408.0 | ||
| 008 | 790330s1959 mtua 000 0 eng | ||
| 010 | _ags 59000223 | ||
| 035 | _a(OCoLC)4803213 | ||
| 040 |
_aDLC _cTxEU _dDLC |
||
| 042 | _apremarc | ||
| 050 | 0 | 0 |
_aTN24.M9 _bS33 |
| 100 | 1 |
_aSahinen, Uuno M. _q(Uuno Mathias), _d1906- |
|
| 245 | 1 | 0 |
_aSummary of Montana mineral resources, _cby Uuno M. Sahinen and F. A. Crowley. |
| 260 |
_aButte : _bMontana School of Mines, _c1959. |
||
| 300 |
_av, 51 p. _bfold. map. _c28 cm. |
||
| 410 | 2 | 0 |
_aMontana Bureau of Mines and Geology. _tBulletin _v11 |
| 504 | _aBibliography: p.41-51. | ||
| 650 | 0 |
_aMines and mineral resources _zMontana. |
|
| 700 | 1 |
_aCrowley, F. A., _ejoint author. |
|
| 999 |
_c29367 _d29367 |
||